Mathématiques en 5e: expérimentations et nouveaux programmes

Saved in:
Bibliografiske detaljer
Institution som forfatter: Institut Pedagogique National (Author)
Format: Bog
Sprog:fransk
Udgivet: París SEVPEN 1970
Serier:Recherches Pédagogiques, 42
Fag:
Tags: Tilføj Tag
Ingen Tags, Vær først til at tagge denne postø!

MARC

LEADER 00000nam a2200000 a 4500
001 UCQ8666
003 CL-VaPUC
008 981217e19700000fr |||||||||||||||||fre|d
082 0 4 |a 372.7  |b INS  |2 21 
110 2 |a Institut Pedagogique National  |e author  |9 422741 
245 1 0 |a Mathématiques en 5e: expérimentations et nouveaux programmes 
300 |a 104 p 
942 |c BK 
945 |d 19981217 00:00:00  |a cmena 
260 |a París  |b SEVPEN  |c 1970 
650 0 |a Educación básica   |9 224933 
650 0 |a Métodos de enseñanza  |9 270413 
650 0 |a Ejercicios   |9 269807 
650 0 |a Matemática  |9 260235 
650 0 |a Matemáticas  |x Enseñanza  |9 875527 
583 |a last modification  |c 20171213 01:40:00  |k Rodrigo Vera 
490 0 |a Recherches Pédagogiques, 42 
999 |c 277855  |d 277853